The macroeconomics of Finance-dominated capitalism and its crisis / (Registro nro. 8696)
[ vista simple ]
| 000 -LEADER | |
|---|---|
| fixed length control field | 01326nam a2200241Ia 4500 |
| 003 - CONTROL NUMBER IDENTIFIER | |
| control field | OSt |
| 005 - DATE AND TIME OF LATEST TRANSACTION | |
| control field | 20211029172220.0 |
| 008 - FIXED-LENGTH DATA ELEMENTS--GENERAL INFORMATION | |
| fixed length control field | 210310s2012 enkad fr 000 0 eng d |
| 020 ## - INTERNATIONAL STANDARD BOOK NUMBER | |
| International Standard Book Number | 9781781005545 |
| 040 ## - CATALOGING SOURCE | |
| Original cataloging agency | CO-JMCR |
| Transcribing agency | CO-JMCR |
| 041 0# - LANGUAGE CODE | |
| Language code of text/sound track or separate title | eng |
| 082 ## - DEWEY DECIMAL CLASSIFICATION NUMBER | |
| Classification number | 339 / |
| Item number | H468m |
| Edition number | 23 |
| 100 1# - MAIN ENTRY--PERSONAL NAME | |
| Personal name | Hein, Eckhard, |
| 9 (RLIN) | 18018 |
| Relator term | autor |
| 245 14 - TITLE STATEMENT | |
| Title | The macroeconomics of Finance-dominated capitalism and its crisis / |
| Statement of responsibility, etc. | Eckhard Hein |
| 260 ## - PUBLICATION, DISTRIBUTION, ETC. | |
| Place of publication, distribution, etc. | Cheltenham : |
| Name of publisher, distributor, etc. | Edward Elgar, |
| Date of publication, distribution, etc. | 2012 |
| 300 ## - PHYSICAL DESCRIPTION | |
| Extent | xi, 216 páginas : |
| Other physical details | ilustraciones y gráficas a blanco y negro ; |
| Dimensions | 23 cm. |
| 504 ## - BIBLIOGRAPHY, ETC. NOTE | |
| Bibliography, etc. note | Bibliografía: páginas 186-205 |
| 505 0# - FORMATTED CONTENTS NOTE | |
| Formatted contents note | Finance-dominated capitalism and re-distribution of income -- Finance-dominated capitalism, capital accumulation and macroeconomic regimes -- Finance-dominated capitalism and long-run productivity growth -- Finance-dominated capitalism, consumption, household and instability debt -- Finance-dominated capitalism, global imbalances and crisis -- Requirements for income-led recovery and a Global Keynesian New Deal -- The European financial and economic crisis: alternative -- solutions from a Post-Keynesian perspective -- Summary and conclusions |
| 650 14 - SUBJECT ADDED ENTRY--TOPICAL TERM | |
| Topical term or geographic name entry element | Macroeconómica |
| 9 (RLIN) | 18020 |
| 650 24 - SUBJECT ADDED ENTRY--TOPICAL TERM | |
| Topical term or geographic name entry element | Capitalismo |
| 9 (RLIN) | 41363 |
| 650 24 - SUBJECT ADDED ENTRY--TOPICAL TERM | |
| Topical term or geographic name entry element | Crisis global financiera |
| Chronological subdivision | 2008-2009 |
| 9 (RLIN) | 41364 |
| 942 ## - ADDED ENTRY ELEMENTS (KOHA) | |
| Source of classification or shelving scheme | Dewey Decimal Classification |
| Koha item type | Books |
| Withdrawn status | Lost status | Source of classification or shelving scheme | Damaged status | Not for loan | Collection code | Home library | Current library | Date acquired | Source of acquisition | Full call number | Barcode | Date last seen | Copy number | Koha item type |
|---|---|---|---|---|---|---|---|---|---|---|---|---|---|---|
| Dewey Decimal Classification | Non-fiction | Biblioteca Pública José María del Castillo y Rada | Biblioteca Pública José María del Castillo y Rada | 04/15/2018 | Donación | 339 / H468m | 430000396 | 05/16/2024 | Ej.1 | Books |